书目信息 |
| 题名: |
工程地质学
|
|
| 作者: | 吴继敏 主编 | |
| 分册: | ||
| 出版信息: | 北京 地质出版社 2006.05 |
|
| 页数: | 531页 | |
| 开本: | 16开 | |
| 丛书名: | ||
| 单 册: | ||
| 中图分类: | P642-43 | |
| 科图分类: | ||
| 主题词: | ||
| 电子资源: | ||
| ISBN: | 978-7-04-019899-7 | |
| 000 | 00578nam0 2200193 45 | |
| 001 | 1539625025 | |
| 005 | 20160913101835.79 | |
| 010 | @a978-7-04-019899-7@dCNY48.60 | |
| 100 | @a19990804d2006 km y0chiy0120 ea | |
| 101 | 0 | @achi |
| 102 | @aCN@b110000 | |
| 200 | 1 | @AGONG CHENG DI ZHI XUE@Fwu ji min zhu bian@a工程地质学@f吴继敏主编 |
| 210 | @a北京@c地质出版社@d2006.05 | |
| 210 | @a北京@c高等教育出版社 | |
| 215 | @a531页@c无图表@d16开 | |
| 690 | @aP642-43 | |
| 701 | 0 | @a吴继敏@Awu ji min@4主编 |
| 801 | 0 | @aCN@b大连网信软件有限公司图书馆·11@c20160913 |
| 905 | @dP642-43@eW804@f5 | |
| 工程地质学/吴继敏主编.-北京:地质出版社,2006.05.-北京:高等教育出版社 |
| 531页:无图表;16开 |
| ISBN 978-7-04-019899-7:CNY48.60 |
| ● |
| 相关链接 |
|
|
|
正题名:工程地质学
索取号:P642-43/W804
 
预约/预借
| 序号 | 登录号 | 条形码 | 馆藏地/架位号 | 状态 | 备注 |
| 1 | 1238437 | 212384374 | 期刊室512/401自科库 129排1列2层/ [索取号:P642-43/W804] | 在馆 | |
| 2 | 497367 | 204973671 | 自科库401/401自科库 133排2列2层/ [索取号:P642-43/W804] | 在馆 |